[Event "Kstovo Kichigin Memorial op"]
[Site "Kstovo"]
[Date "2010.02.??"]
[Round "1"]
[White "Krylov, Dima"]
[Black "Tkachev, Viacheslav"]
[Result "1/2-1/2"]
[WhiteElo "1759"]
[BlackElo "2003"]
[PlyCount "50"]
[EventDate "2010.02.??"]
[EventType "swiss"]
[EventRounds "9"]
[EventCountry "RUS"]
[SourceTitle "EXT 2014"]
[Source "ChessBase"]
[SourceDate "2013.11.20"]
[SourceVersion "1"]
[SourceVersionDate "2013.11.20"]
[SourceQuality "1"]

1. e4 c5 2. Nf3 d6 3. d4 cxd4 4. Nxd4 Nf6 5. Nc3 a6 6. Bd3 g6 7. f3 Bg7 8. Be3 Nc6 9. Qd2 Nd7 10. Be2 h5 11. 0-0-0 Qa5 12. h3 Nf6 13. g4 h4 14. f4 Be6 15. Nxe6 fxe6 16. Bc4 Nd8 17. Rhg1 Qb4 18. Bb3 Kf8 19. Bd4 Nd7 20. Bxg7+ Kxg7 21. f5 Nc5 22. Qd4+ Qxd4 23. Rxd4 Nc6 24. Rd2 Nxb3+ 25. axb3 e5 1/2-1/2

[Event "Nizhnij Novgorod Voroniatov Memor 6th"]
[Site "Nizhnij Novgorod"]
[Date "2009.05.??"]
[Round "7"]
[White "Varfalomeev, Yan"]
[Black "Krylov, Dima"]
[Result "1-0"]
[WhiteElo "1759"]
[BlackElo "1792"]
[PlyCount "31"]
[EventDate "2009.05.03"]
[EventType "swiss"]
[EventRounds "8"]
[EventCountry "RUS"]
[SourceTitle "EXT 2022"]
[Source "ChessBase"]
[SourceDate "2021.10.06"]
[SourceVersion "1"]
[SourceVersionDate "2021.10.06"]
[SourceQuality "1"]

1. e4 e5 2. Nf3 Nc6 3. d4 exd4 4. Nxd4 Bc5 5. Be3 Qf6 6. c3 Nge7 7. Qd2 d6 8. Nb5 0-0 9. Nxc7 Rb8 10. Bb5 a6 11. Ba4 Qe5 12. Bc2 Bxe3 13. Qxe3 d5 14. Nxd5 Nxd5 15. exd5 Qxd5 16. 0-0 1-0